| 000 | 00691nam a2200217 4500 | ||
|---|---|---|---|
| 001 | 121345 | ||
| 003 | ES-MaACL | ||
| 005 | 20230906191734.0 | ||
| 007 | t| | ||
| 008 | 070214s1979 ag r ||||1| spa d | ||
| 100 | 1 |
_aPopper, Karl Raimund. _993108 |
|
| 245 | 1 | 3 |
_aEl desarrollo del conocimiento científico _b: conjeturas y refutaciones / _cKarl R. Popper ; versión de Néstor Míguez. |
| 250 | _a2ª. ed. | ||
| 260 |
_aBuenos Aires : _bPaidos, _c1979. |
||
| 300 |
_aXI, 463 p. ; _c23 cm. |
||
| 490 | 1 | _aBiblioteca de filosofía | |
| 700 | 1 |
_aMíguez, Néstor. _981054 |
|
| 830 | 0 |
_aBiblioteca de filosofía _9181615 |
|
| 852 |
_aES-MaACL _jL-4630 _bR.105371 |
||
| 999 |
_c121345 _d121345 |
||